00702 2200205 4500001002100000005001500021035002000036007000300056008004100059082001400100084002000114100003400134245016400168300002100332264006500353336002100418337001900439338002100458856001700479INLIS00000000000027920260601100353 a0010-0626000002ta260601 e 1 ind  a001.407 2 a001.407 2 AFR a0 aAfrisa Eka MustikaePengarang1 aAfrisa Eka Mustika :bPERBANDINGAN LUARAN MATERNAL DAN NEONATAL PADA KEHAMILAN REMAJA BERDASARKAN TINGKATAN FASILITAS PELAYANAN KESEHATAN /cAfrisa Eka Mustika a107 :bilus ;c- aSURABAYA :bFAKULTAS KEDOKTERAN UNIVERSITAS AIRLANGGA,c2025 2rdacontentaTEXT 2rdamediaaBUKU 2rdacarrieraTEXT aPerpustakaan